| 000 | 00560nam a22001937a 4500 | ||
|---|---|---|---|
| 999 |
_c124691 _d124691 |
||
| 005 | 20211115113859.0 | ||
| 008 | 211115b ||||| |||| 00| 0 eng d | ||
| 020 | _a9789698486105 | ||
| 040 | _cPK-LaUMT | ||
| 082 |
_a616.07 _bNAG-B |
||
| 100 | _aNagi, A. H. | ||
| 245 |
_aBasics of pathology and diseases : _bcore general pathology, microbiology and immunology / _cby A. H. Nagi |
||
| 260 |
_aLahore : _bAllied Book Company, _c2012 |
||
| 300 | _a611 p. | ||
| 650 | _aPathology | ||
| 650 | _aPatology-Humans | ||
| 650 | _aDiseases replapse | ||
| 942 | _cBK | ||